Innovation Activities of Small and Medium-sized Enterprises and Their Funding in the Slovak Republic

Poukázanie na inovačné aktivity malých a stredných podnikov na Slovensku a ich financovanie. V závere návrhy opatrení na ich zlepšenie, resp. získavania finančných zdrojov na dané aktivity.

Enregistré dans:
Détails bibliographiques
Auteur principal: Belanová, Katarína, 1978-
Format: Chapitre de livre
Langue:anglais
Sujets:
Tags: Ajouter un tag
Pas de tags, Soyez le premier à ajouter un tag!

MARC

LEADER 00000nla a2200000 4500
001 0247801
005 20240502083701.9
041 0 |a eng 
044 |a LV 
245 1 0 |a Innovation Activities of Small and Medium-sized Enterprises and Their Funding in the Slovak Republic  |c Katarína Belanová 
520 |a Poukázanie na inovačné aktivity malých a stredných podnikov na Slovensku a ich financovanie. V závere návrhy opatrení na ich zlepšenie, resp. získavania finančných zdrojov na dané aktivity. 
610 2 0 |a inovácie sociálne 
610 2 0 |a inovácie technologické 
610 2 0 |a technológie nové 
610 2 0 |a financovanie 
610 2 0 |a zdroje finančné 
610 2 0 |a podnik malý 
610 2 0 |a podnik stredný 
100 1 |a Belanová, Katarína, 1978-